书目信息 |
| 题名: |
健身健美运动教程
|
|
| 作者: | 《健身健美运动教程》编写组编 | |
| 分册: | ||
| 出版信息: | 北京 北京体育大学出版社 2016 |
|
| 页数: | 230页 | |
| 开本: | 26cm | |
| 丛书名: | ||
| 单 册: | ||
| 中图分类: | G831.3 , G883.2 | |
| 科图分类: | ||
| 主题词: | 健身运动--Jian Shen Yun Dong--教材 , 健美运动--Jian Mei Yun Dong--教材 | |
| 电子资源: | ||
| ISBN: | 978-7-5644-2119-9 | |
| 000 | 01044nam0 2200289 45 | |
| 001 | 012001003924 | |
| 005 | 20131014170651.0 | |
| 010 | @a978-7-5644-2119-9@dCNY70.00 | |
| 099 | @aCAL 012016086775 | |
| 100 | @a20160718d2016 em y0chiy50 ea | |
| 101 | 0 | @achi |
| 102 | @aCN@b110000 | |
| 105 | @aak a 000yy | |
| 106 | @ar | |
| 200 | 1 | @a健身健美运动教程@AJian Shen Jian Mei Yun Dong Jiao Cheng@f《健身健美运动教程》编写组编 |
| 210 | @a北京@c北京体育大学出版社@d2016 | |
| 215 | @a230页@c彩图@d26cm | |
| 312 | @a英文题名取自封面 | |
| 320 | @a有书目 (第230页) | |
| 330 | @a本书共分为七章, 主要内容包括: 健身健美运动概述 ; 健身健美训练的运动科学基础 ; 全身各部位肌肉训练动作 ; 全身各部位肌肉拉伸动作 ; 健身健美训练方法 ; 健身健美训练计划制定 ; 健身健美竞赛组织及裁判法。 | |
| 510 | 1 | @aBodybuilding and fitness@zeng |
| 606 | 0 | @a健身运动@AJian Shen Yun Dong@j教材 |
| 606 | 0 | @a健美运动@AJian Mei Yun Dong@j教材 |
| 690 | @aG831.3@v5 | |
| 690 | @aG883.2@v5 | |
| 801 | @b江苏凤凰@c20191020 | |
| 905 | @b1234334-9@dG831.3@e181@f6 | |
| 健身健美运动教程/《健身健美运动教程》编写组编.-北京:北京体育大学出版社,2016 |
| 230页:彩图;26cm |
| ISBN 978-7-5644-2119-9:CNY70.00 |
| 本书共分为七章, 主要内容包括: 健身健美运动概述 ; 健身健美训练的运动科学基础 ; 全身各部位肌肉训练动作 ; 全身各部位肌肉拉伸动作 ; 健身健美训练方法 ; 健身健美训练计划制定 ; 健身健美竞赛组织及裁判法。 |
| ● |
| 相关链接 |
|
|
|
|
正题名:健身健美运动教程
索取号:G831.3/181
 
预约/预借
| 序号 | 登录号 | 条形码 | 馆藏地/架位号 | 状态 | 备注 |
| 1 | 1234334 | 212343347 | 第一样本阅览室/ [索取号:G831.3/181] | 在馆 | |
| 2 | 1234335 | 212343356 | 第四借阅区/ [索取号:G831.3/181] | 在馆 | |
| 3 | 1234336 | 212343365 | 第四借阅区/ [索取号:G831.3/181] | 在馆 | |
| 4 | 1234337 | 212343374 | 教育系资料室/ [索取号:G831.3/181] | 在馆 | |
| 5 | 1234338 | 212343383 | 教育系资料室/ [索取号:G831.3/181] | 在馆 | |
| 6 | 1234339 | 212343392 | 教育系资料室/ [索取号:G831.3/181] | 在馆 |